000 00198 a2200097 4500
001 13721
100 _aCoxhead, E
245 _aLody Gregory
260 _aLondon
_bMacmillan
_c
090 _c10716
_d10716
942 _aNUST-CAE
_cM
_c799
999 _c248794
_d248794